Les courriers de la Fronde : (Record no. 164322)

MARC details
000 -LEADER
campo de control de longitud fija 01024nam a2200289 i 4500
001 - NÚMERO DE CONTROL
campo de control 164322
003 - IDENTIFICADOR DE NÚMERO DE CONTROL
campo de control ES-MaACL
005 - FECHA Y HORA DE LA ÚLTIMA TRANSACCIÓN
campo de control 20250927105643.0
008 - DATOS DE LONGITUD FIJA--INFORMACIÓN GENERAL
campo de control de longitud fija 050729s1857 fr | |||||||| ||fre d
040 ## - FUENTE DE CATALOGACIÓN
Centro catalogador/agencia de origen CAM
Lengua de catalogación spa
Centro/agencia transcriptor CAM
100 1# - ENTRADA PRINCIPAL--NOMBRE DE PERSONA
Nombre de persona Saint-Julien.
9 (RLIN) 132287
Término indicativo de función/relación Autor
245 14 - MENCIÓN DEL TÍTULO
Título Les courriers de la Fronde :
Resto del título en vers burlesques /
Mención de responsabilidad, etc. par Saint-Julien ; revus et annotés par C. Moreau.
260 ## - PUBLICACIÓN, DISTRIBUCIÓN, ETC.
Lugar de publicación, distribución, etc. Paris :
Nombre del editor, distribuidor, etc. chez P. Jannet, libraire,
Fecha de publicación, distribución, etc. 1857 (
Fabricante imprimé par Guiraudet et Jouaust)
300 ## - DESCRIPCIÓN FÍSICA
Extensión 2 v. (XXXI, 392 ; 400 p.) ;
Dimensiones 17 cm.
490 1# - MENCIÓN DE SERIE
Mención de serie Bibliothèque elzevirienne
598 ## - NOTA LOCAL (RLIN)
Nota local Dato de serie tomado de BN Opale-plus.
655 #7 - TERMINO DE INDIZACIÓN--GENERO/FORMA
Datos o término principal de género/forma Poesías
Fuente del término tgfbne
9 (RLIN) 176539
700 1# - ENTRADA AGREGADA--NOMBRE PERSONAL
Nombre de persona Moreau, C.,
9 (RLIN) 83202
700 1# - ENTRADA AGREGADA--NOMBRE PERSONAL
Nombre de persona Jannet, Pierre,
Fechas asociadas al nombre 1820-1870
9 (RLIN) 128271
700 1# - ENTRADA AGREGADA--NOMBRE PERSONAL
Nombre de persona Guiraudet et Jouaust,
9 (RLIN) 127632
752 ## - ENTRADA AGREGADA--NOMBRE JERÁRQUICO DEL LUGAR
País o entidad superior Francia -
Ciudad París
830 0# - PUNTO DE ACCESO ADICIONAL DE SERIE-TÍTULO UNIFORME
Título uniforme Bibliothèque elzevirienne
9 (RLIN) 180979
852 ## - LOCALIZACIÓN
Ubicación ES-MaACL
Número de control de estantería G-2349-2350
Ubicación en estantería Depósito 2
942 ## - ELEMENTOS DE ENTRADA SECUNDARIOS (KOHA)
Tipo de ítem Koha Libro impreso antiguo
Holdings
Estatus retirado Estado de pérdida Estado de daño No para préstamo Colección Biblioteca de origen Biblioteca actual Ubicación en estantería Fecha de adquisición Fuente de adquisición Total de préstamos Signatura topográfica completa Código de barras Visto por última vez Precio de reemplazo Tipo de ítem Koha
        Libros del s. XIX Biblioteca del Ateneo de Madrid Biblioteca del Ateneo de Madrid Depósito 2 17/01/2008     G-2349-2350 1172236 23/02/2023 23/02/2023 Libro impreso antiguo